| 000 | 00692nam a2200229 a 4500 | ||
|---|---|---|---|
| 001 | BRCA_5932 | ||
| 005 | 20190320205252.0 | ||
| 008 | 220311d1913----fr-#######---#000-0#fre-# | ||
| 041 | _afre | ||
| 044 | _afr | ||
| 050 | 4 |
_aHG61 _b.A5 _c1913 |
|
| 245 | 1 | 0 |
_aAlmanach Financier 1913: Guide des Rentiers et Capitalistes. _cJournal Financier. |
| 260 |
_aParís _bJournal Financier _c1913 |
||
| 300 |
_a992 p. _bils.; estadísticas _c15 cm. |
||
| 500 | _aAlmanaque inventariado como libro por el Banco de México. | ||
| 500 | _aVeáse también H155 | ||
| 500 | _aH163 | ||
| 650 | 1 | 4 |
_aFinanzas _xAnuarios _zFrancia _914983 |
| 650 | 1 | 4 |
_aBolsa de valores _914984 |
| 902 | _aGFM | ||
| 942 |
_2lcc _cB |
||
| 999 |
_c5621 _d5621 |
||